00436nam a2200133Ia 4500008004100000082001600041100001300057245004500070260004200115300000900157942001200166999001900178952010500197210430s9999 xx 000 0 und d a297 S2431 T aM Sarwar aTumhara naam Muslim Hay /cM Sarwar Khan akarachibQurain book foundationc2011 a407p cBK2ddc c564804d564804 001040708NFICaSCMEbSCMEcGENd2011-02-11l0o297 S2431 TpSCME-4025r2021-04-30w2021-04-30yBK